| 000 | 00358pam a2200145 a 4500 | ||
|---|---|---|---|
| 020 |
_a978-81-239-0894-6 _c |
||
| 041 | _h | ||
| 082 | _a658.7 | ||
| 100 |
_aTimoshenko G _eAuthor |
||
| 245 |
_aMechanics of Materials 2nd _cTimoshenko G _hTextual Documents |
||
| 250 | _a2nd ED | ||
| 260 |
_bCBS Pub. & Dist. Pvt. Ltd. _c2004 |
||
| 300 | _a762 | ||
| 930 | _a848 | ||
| 999 |
_c244916 _d244916 |
||